000 00351nam a2200145Ia 4500
008 150201s1999 xx 000 0 und d
082 _a612
_bP2001C
100 _aCHANDERAMUALI
245 _aTEXT BOOK OF PHYSIOLOGY
250 _a1ST
260 _bJAYPEE MEDICAL PUBLISHER
_aDELHI
_c1999
300 _a1-252
650 _aPHYSIOLOGY
942 _2ddc
_cBK
999 _c2490
_d2490